Indian Government and Politics (Record no. 14320)

MARC details
000 -LEADER
fixed length control field 00572nam a2200229 a 4500
020 ## - INTERNATIONAL STANDARD BOOK NUMBER
ISBN 9788178298818
082 00 - DEWEY DECIMAL CLASSIFICATION NUMBER
Classification number 320.0954
Author Cutter CHA2
100 ## - MAIN ENTRY--AUTHOR NAME
Author name Chakrabarty, Bidyut
245 ## - TITLE STATEMENT
Title Indian Government and Politics
260 ## - PUBLICATION, DISTRIBUTION, ETC. (IMPRINT)
Place of publication Delhi
Name of publisher Sage Pub
Year of publication 2008
300 ## - PHYSICAL DESCRIPTION
Number of Pages 358p
500 ## - GENERAL NOTE
General note includes index and biblioraphy
505 2# - FORMATTED CONTENTS NOTE
Formatted contents note index
650 ## - SUBJECT ADDED ENTRY--TOPICAL TERM
Topical Term India-Politics and Government
942 ## - ADDED ENTRY ELEMENTS (KOHA)
Koha item type Books
Holdings
Collection code Home library Current library Date acquired Cost, normal purchase price Full call number Accession Number Koha item type
  Henry Martyn Institute Library Henry Martyn Institute Library 01/29/2009 295.00 320.0954 CHA2 022671 Books
                   Copyright © 2026 | Henry Martyn Institute | Hyderabad | TS-500052 | INDIA | Implemented by hmi.edu.in
Hit-Count:

Powered by Koha